[Event "2024 British Rapidplay Championship"]
[Site "Holiday Inn Peterborough - West"]
[Date "2024.03.03"]
[Round "11.19"]
[White "Nawalaniec, Adam"]
[Black "Shearsby, Jude"]
[Result "1/2-1/2"]
[WhiteFideId "21023786"]
[BlackFideId "462527"]
[WhiteElo "1977"]
[BlackElo "2028"]
[EventDate "2024.03.02"]

1. e4 Nc6 2. d4 d5 3. e5 Bf5 4. Nf3 e6 5. Bb5 a6 6. Bxc6+ bxc6 7. Be3 Ne7 8. Nc3
Bg4 9. O-O Nf5 10. h3 Bxf3 11. Qxf3 Be7 12. g4 Nxe3 13. Qxe3 O-O 14. Rad1 a5 15.
b3 f5 16. f4 c5 17. Na4 cxd4 18. Qxd4 c5 19. Nxc5 Bxc5 20. Qxc5 fxg4 21. Qd6 Qe8
22. f5 exf5 23. Qxd5+ Kh8 24. hxg4 Qg6 25. Qf3 h5 26. Rd6 Qg5 27. Qf4 Qxf4 28. Rxf4
fxg4 29. Re4 Rad8 30. c4 Kg8 31. c5 Kf7 32. Red4 Rc8 33. c6 Rfe8 34. Rf4+ Kg8 35.
e6 Re7 36. Rfd4 Kh7 37. Kg2 Kg6 38. Kg3 Kf6 39. R4d5 Rxe6 40. Rxe6+ Kxe6 41. Rxh5
a4 42. bxa4 Rxc6 43. Rg5 Rc4 44. Rxg4 Rxg4+ 45. Kxg4 Ke5 1/2-1/2

[Event "2024 British Rapidplay Championship"]
[Site "Holiday Inn Peterborough - West"]
[Date "2024.03.03"]
[Round "11.20"]
[White "Toma, Katarzyna"]
[Black "Hanache, Kai"]
[Result "0-1"]
[WhiteFideId "1119907"]
[BlackFideId "490105"]
[WhiteElo "2122"]
[BlackElo "1886"]
[EventDate "2024.03.02"]

1. e4 e5 2. Nf3 Nc6 3. Bb5 a6 4. Ba4 Nf6 5. Qe2 b5 6. Bb3 Bc5 7. c3 d6 8. O-O O-O
9. Rd1 Bb6 10. d3 h6 11. a4 b4 12. Be3 Bxe3 13. fxe3 Na5 14. Nbd2 Rb8 15. Bc4 d5
16. exd5 bxc3 17. bxc3 Nxd5 18. Ne4 Bf5 19. Rac1 c6 20. Ng3 Bg4 21. h3 Bxf3 22. Qxf3
Qg5 23. Bxd5 cxd5 24. Kh2 Nb3 25. Rc2 Rfd8 26. Rf1 Qg6 27. Nf5 Qg5 28. Rcf2 e4 29.
dxe4 dxe4 30. Qxe4 Nd2 31. Ne7+ Kh8 32. Rxd2 Rxd2 33. Rxf7 Rd6 34. Nf5 Rf6 35. Rxf6
Qxf6 36. c4 Rf8 37. Ng3 Qd6 38. Qd4 Qxd4 39. exd4 Rf4 40. d5 Rxc4 41. Nf5 Rxa4 42.
d6 Ra3 0-1

[Event "2024 British Rapidplay Championship"]
[Site "Holiday Inn Peterborough - West"]
[Date "2024.03.03"]
[Round "11.21"]
[White "Kothari, Jai"]
[Black "Mirzoeva, Elmira"]
[Result "1-0"]
[WhiteFideId "477117"]
[BlackFideId "4127951"]
[WhiteElo "1908"]
[BlackElo "2206"]
[EventDate "2024.03.02"]

1. e4 c6 2. d4 d5 3. exd5 cxd5 4. Bd3 Nc6 5. c3 Nf6 6. Bf4 g6 7. Nf3 Bg7 8. Nbd2
Bf5 9. Ne5 O-O 10. Ndf3 Qb6 11. Qe2 Bxd3 12. Nxd3 Ne4 13. h4 f6 14. Be3 Qc7 15. h5
e5 16. hxg6 hxg6 17. Nh4 exd4 18. cxd4 Rfe8 19. Rc1 Ng3 20. fxg3 Qxg3+ 21. Kd2 Bh6
22. Nf5 Bxe3+ 23. Nxe3 Nxd4 24. Qf2 Qg5 25. Qf4 Rxe3 26. Qxe3 Qxg2+ 27. Nf2 Nf3+
28. Ke2 d4 29. Qe6+ Kf8 30. Rh8+ Kg7 31. Rc7+ Kxh8 32. Qxf6+ 1-0

[Event "2024 British Rapidplay Championship"]
[Site "Holiday Inn Peterborough - West"]
[Date "2024.03.03"]
[Round "11.22"]
[White "Sivanandan, Bodhana"]
[Black "Moreby, James E"]
[Result "1-0"]
[WhiteFideId "497592"]
[BlackFideId "427756"]
[WhiteElo "1904"]
[BlackElo "2248"]
[EventDate "2024.03.02"]

1. e4 d5 2. exd5 Qxd5 3. Nc3 Qd8 4. Nf3 Nf6 5. Bc4 a6 6. O-O e6 7. d4 b5 8. Bb3 Bb7
9. Re1 Be7 10. Bg5 O-O 11. Ne5 Nbd7 12. Qe2 Nxe5 13. dxe5 Nd7 14. Bxe7 Qxe7 15. Qg4
c5 16. a4 c4 17. Ba2 Qc5 18. Qg3 Nb6 19. a5 Nc8 20. b3 cxb3 21. Bxb3 Ne7 22. Qe3
Rac8 23. Na2 Nf5 24. Qxc5 Rxc5 25. Rad1 Rfc8 26. Nb4 Kf8 27. Rd7 R5c7 28. Red1 Ke8
29. Rxc7 Rxc7 30. f3 Rc5 31. Nd3 Rc3 32. Nb4 Ke7 33. Kf2 h5 34. Rd2 h4 35. Rd3 Rc5
36. f4 g5 37. g3 gxf4 38. gxf4 Rc8 39. h3 Rg8 40. Rc3 Rg2+ 41. Ke1 Kf8 42. Nd3 Rg1+
43. Kd2 Rg2+ 44. Kc1 Nd4 45. Rc7 Be4 46. Nc5 Bxc2 47. Nd7+ Ke7 48. Nb6+ Kd8 49. Rc8+
Ke7 50. Bxc2 Ne2+ 51. Kb2 Nxf4 52. Rc7+ Kf8 53. Nd7+ Kg7 54. Nc5 Rh2 55. Nxa6 Nd3+
56. Kc3 Nxe5 57. Nc5 Rxh3+ 58. Kb4 Rh2 59. a6 Kh6 60. a7 Rxc2 61. a8=Q Nd3+ 62. Kxb5
Rb2+ 63. Kc6 Nb4+ 64. Kd7 Rd2+ 65. Ke8 Nd5 66. Rxf7 h3 67. Qa5 Rc2 68. Nxe6 Rc8+
69. Kd7 h2 70. Qd2+ Kg6 71. Rg7+ Kf6 72. Qd4+ Kf5 73. Rg5# 1-0

[Event "2024 British Rapidplay Championship"]
[Site "Holiday Inn Peterborough - West"]
[Date "2024.03.03"]
[Round "11.23"]
[White "Yu, Rock"]
[Black "Pickard, Charles"]
[Result "1-0"]
[WhiteFideId "489000"]
[BlackFideId "470880"]
[WhiteElo "1907"]
[BlackElo "2190"]
[EventDate "2024.03.02"]

1. c4 c5 2. Nc3 Nc6 3. g3 g6 4. Bg2 Bg7 5. e4 d6 6. Nge2 h5 7. h3 e6 8. d3 Nge7 9.
O-O O-O 10. Rb1 a5 11. f4 Rb8 12. a3 Bd7 13. Kh2 f5 14. Be3 e5 15. Qd2 Nd4 16. b4
Nxe2 17. Nxe2 axb4 18. axb4 b6 19. b5 Ra8 20. exf5 Nxf5 21. Bxa8 Qxa8 22. fxe5 dxe5
23. Nc3 h4 24. g4 Ng3 25. Rxf8+ Qxf8 26. Qg2 e4 27. Nxe4 Be5 28. Nxg3 Bxg3+ 29. Kg1
Qe7 30. Bf2 Bd6 31. Re1 Qf6 32. Kh1 Kh7 33. Kg1 Bc8 34. Qc6 1-0

[Event "2024 British Rapidplay Championship"]
[Site "Holiday Inn Peterborough - West"]
[Date "2024.03.03"]
[Round "11.24"]
[White "Hryshchenko, Kamila"]
[Black "Dicen, Elis Denele"]
[Result "1-0"]
[WhiteFideId "14147491"]
[BlackFideId "462560"]
[WhiteElo "2118"]
[BlackElo "1892"]
[EventDate "2024.03.02"]

1. e4 c5 2. d3 Nc6 3. Be2 d5 4. f4 dxe4 5. dxe4 Qxd1+ 6. Bxd1 e5 7. Nf3 exf4 8. Bxf4
Be6 9. Nc3 Nf6 10. O-O Be7 11. Nb5 O-O 12. Re1 Rad8 13. c3 a6 14. Na3 b5 15. Bc2
h6 16. h3 Rd7 17. Nb1 Rfd8 18. Nbd2 g5 19. Be3 c4 20. Nd4 Ne5 21. Rf1 Nh5 22. N2f3
Nxf3+ 23. Rxf3 Ng7 24. Raf1 Rc8 25. Nxe6 fxe6 26. Bd4 Nh5 27. g3 e5 28. Bxe5 Bc5+
29. Bd4 Bxd4+ 30. cxd4 Rxd4 31. e5 Ng7 32. Rf6 h5 33. e6 Rdd8 34. Bg6 Rc7 35. Bf7+
Kh7 36. Re1 Re7 37. Re5 g4 38. hxg4 hxg4 39. Re4 Rd1+ 40. Kf2 Rd2+ 41. Ke3 Rxb2 42.
Rxg4 Rh2 43. Kd4 Ne8 44. Bg6+ Kg7 45. Rf7+ Rxf7 46. Bxf7+ Kf6 47. Bxe8 Kxe6 48. a4
Rd2+ 49. Kc3 Rd3+ 50. Kc2 bxa4 51. Bxa4 Kf5 52. Rg8 Ra3 53. Bd7+ Kf6 54. g4 Kf7 55.
Rc8 a5 56. Rxc4 Rg3 57. Ra4 Ke7 58. Bf5 Kf6 59. Rxa5 Re3 60. Kd2 Re7 61. Ra4 Kg5
62. Rd4 Re5 63. Kd3 Re1 64. Re4 Rd1+ 65. Kc4 Rd2 66. Rd4 Re2 67. Kd5 Ra2 68. Ke6
Ra7 69. Rd5 Ra6+ 70. Kf7 Ra7+ 71. Bd7+ Kh6 72. g5+ Kh5 73. g6+ Kh6 74. g7 Ra6 75.
g8=N+ Kh7 76. Rh5 Rh6 77. Rxh6 1-0

[Event "2024 British Rapidplay Championship"]
[Site "Holiday Inn Peterborough - West"]
[Date "2024.03.03"]
[Round "11.25"]
[White "Verbytski, Oleg"]
[Black "Khoury, Theo"]
[Result "1-0"]
[WhiteFideId "495506"]
[BlackFideId "480703"]
[WhiteElo "1894"]
[BlackElo "1968"]
[EventDate "2024.03.02"]

1. e4 c5 2. Nf3 d6 3. d4 cxd4 4. Nxd4 Nf6 5. Nc3 a6 6. Be2 e5 7. Nb3 Be7 8. Be3 Be6
9. O-O O-O 10. f3 b5 11. a4 b4 12. Nd5 Bxd5 13. exd5 a5 14. Bb5 Qc7 15. Qd2 Rc8 16.
Rac1 Nbd7 17. c4 e4 18. Nd4 exf3 19. Nxf3 Ne4 20. Qc2 Ndc5 21. Nd4 Bf6 22. Rce1 Be5
23. Nf3 Bf6 24. Kh1 Qd8 25. Nd2 Nxd2 26. Bxd2 Be5 27. Bf4 Bxf4 28. Rxf4 Qg5 29. Rf3
Ra7 30. Qe2 g6 31. Re3 Kg7 32. Rf1 Rcc7 33. Re1 Rc8 34. b3 Qf6 35. Qd2 Rcc7 36. Rf3
Qd8 37. Qb2+ f6 38. Re8 Re7 39. Qxf6+ 1-0

[Event "2024 British Rapidplay Championship"]
[Site "Holiday Inn Peterborough - West"]
[Date "2024.03.03"]
[Round "11.26"]
[White "Pang, Ethan"]
[Black "Alizada, Eldar A"]
[Result "1-0"]
[WhiteFideId "496995"]
[BlackFideId "464104"]
[WhiteElo "1887"]
[BlackElo "1975"]
[EventDate "2024.03.02"]

1. e4 e6 2. d4 d5 3. Bd3 dxe4 4. Bxe4 Nf6 5. Bf3 Be7 6. Ne2 O-O 7. Nbc3 Nd5 8. O-O
b6 9. Nxd5 exd5 10. c4 c6 11. cxd5 cxd5 12. Nf4 Be6 13. Qe2 Qd6 14. Nxe6 fxe6 15.
Re1 Bf6 16. Qxe6+ Qxe6 17. Rxe6 Rd8 18. Bf4 Na6 19. Rae1 Kf7 20. Bd6 Re8 21. Rxe8
Rxe8 22. Bxd5+ 1-0

[Event "2024 British Rapidplay Championship"]
[Site "Holiday Inn Peterborough - West"]
[Date "2024.03.03"]
[Round "11.27"]
[White "Nicholas, Koichi B"]
[Black "Cancedda-Dupuis, Livio"]
[Result "1-0"]
[WhiteFideId "409820"]
[BlackFideId "499447"]
[WhiteElo "1987"]
[BlackElo "1960"]
[EventDate "2024.03.02"]

1. e4 c5 2. Nf3 d6 3. d4 cxd4 4. Nxd4 Nf6 5. Nc3 a6 6. Be3 e6 7. f3 Be7 8. Qd2 Bd7
9. O-O-O Nc6 10. Kb1 Qc7 11. g4 h6 12. h4 Ne5 13. Rg1 Nc4 14. Bxc4 Qxc4 15. g5 hxg5
16. Bxg5 O-O-O 17. Qf2 Rhe8 18. Nb3 Kb8 19. Qb6 Qc7 20. Be3 Qxb6 21. Bxb6 g6 22.
Bxd8 Rxd8 23. Rh1 Kc7 24. Rh2 Nh5 25. Nc1 Bc6 26. Nd3 Bf6 27. Ne2 d5 28. e5 Bg7 29.
Nd4 Rh8 30. Rg1 Bd7 31. Ne2 Bb5 32. Nec1 Bh6 33. Rg4 Bf8 34. a4 Bc6 35. b3 Be7 36.
Ne2 Be8 37. Ndf4 Ng7 38. h5 Nxh5 39. Ng3 Bc6 40. Ngxh5 gxh5 41. Rxh5 Rxh5 42. Nxh5
d4 43. Rf4 Kd8 44. Rxf7 Ke8 45. Rf4 Bg5 46. Rxd4 Bxf3 47. Nf4 Ke7 48. Nd3 a5 49.
Nb2 Bd5 50. Nc4 Bxc4 51. Rxc4 Kd7 52. c3 Be3 53. Kc2 Bb6 54. Kd3 Ba7 55. Rh4 Bb8
56. Ke4 Bc7 57. Rh7+ Kd8 58. Rg7 b6 59. Rh7 Bb8 60. Rh8+ Kc7 61. Re8 1-0

[Event "2024 British Rapidplay Championship"]
[Site "Holiday Inn Peterborough - West"]
[Date "2024.03.03"]
[Round "11.28"]
[White "Dupuis, Denis K"]
[Black "Vashisht-Pigem, Raman"]
[Result "1/2-1/2"]
[WhiteFideId "452980"]
[BlackFideId "469734"]
[WhiteElo "1934"]
[BlackElo "1990"]
[EventDate "2024.03.02"]

1. e4 e6 2. d4 d5 3. exd5 exd5 4. Nf3 Nc6 5. Bf4 Bd6 6. Qd2 Nge7 7. Bd3 Bf5 8. Bxf5
Nxf5 9. Qe2+ Nfe7 10. Bxd6 Qxd6 11. Nbd2 O-O 12. O-O Nf5 13. Qd3 Qf6 14. c3 Nd6 15.
Rfe1 Rfe8 16. h3 h6 17. b3 Rad8 18. Rxe8+ Rxe8 19. Re1 Rxe1+ 20. Nxe1 Qe6 21. Nef3
Ne4 22. Qe3 Nxd2 23. Qxd2 a6 24. Qf4 Qe7 25. Kf1 b5 26. b4 a5 27. bxa5 Nxa5 28. Ne5
Nc4 29. Nxc4 dxc4 30. Qd2 Qa3 31. Qc2 b4 32. cxb4 Qxb4 33. Ke2 c5 34. dxc5 Qxc5 35.
Qc3 Qd5 36. a4 Qe4+ 37. Kd2 Qxg2 38. Qxc4 Qxf2+ 39. Kc3 Qe3+ 40. Qd3 Qc5+ 41. Kb3
g5 42. Qc4 Qe3+ 43. Kb4 Qb6+ 44. Qb5 Qd4+ 45. Qc4 Qb6+ 46. Qb5 Qd4+ 47. Ka5 Qa7+
48. Kb4 Qd4+ 49. Ka3 Qc3+ 50. Qb3 Qc5+ 51. Ka2 h5 52. Qb8+ Kg7 53. Qb5 Qxb5 54. axb5
g4 55. hxg4 hxg4 56. b6 g3 57. b7 g2 58. b8=Q g1=Q 59. Qe5+ Kf8 60. Qd6+ Kg7 61.
Qe5+ Kf8 62. Qd6+ Kg7 63. Qe5+ Kf8 64. Qd6+ Kg7 65. Qe6 1/2-1/2

[Event "2024 British Rapidplay Championship"]
[Site "Holiday Inn Peterborough - West"]
[Date "2024.03.03"]
[Round "11.29"]
[White "Iyengar, Ilya"]
[Black "Fava, Lorenzo"]
[Result "0-1"]
[WhiteFideId "405949"]
[BlackFideId "2837434"]
[WhiteElo "1951"]
[BlackElo "1913"]
[EventDate "2024.03.02"]

1. d4 Nf6 2. Bg5 e6 3. e4 h6 4. Bxf6 Qxf6 5. Nc3 g6 6. Nf3 Bg7 7. Bc4 O-O 8. O-O
d6 9. Re1 a6 10. a4 b6 11. Qe2 Bb7 12. Rad1 Nd7 13. Bb3 Rac8 14. h3 Kh7 15. Nh2 Rfd8
16. Bc4 Ra8 17. Rd3 c5 18. dxc5 Nxc5 19. Rf3 Qe7 20. b4 Nd7 21. Bb3 Rac8 22. Nb1
Nf6 23. Re3 h5 24. f3 d5 25. exd5 Nxd5 26. Bxd5 Bxd5 27. c3 Bh6 28. Rd3 Bc4 29. Rxd8
Bxe2 30. Rxc8 Qd7 31. Ra8 Be3+ 32. Kh1 Bf2 33. Rc1 Bg3 34. Nf1 Bf4 35. Re1 Qd3 36.
Nh2 Bg3 37. Rc1 Qe3 38. Rg1 Bf2 39. Nf1 Qd3 40. Nfd2 Bxg1 41. Kxg1 Bd1 42. Ra7 Kg7
43. Kf2 0-1

[Event "2024 British Rapidplay Championship"]
[Site "Holiday Inn Peterborough - West"]
[Date "2024.03.03"]
[Round "11.30"]
[White "Fellowes, Billy"]
[Black "Vijayakumar, Rishi"]
[Result "1/2-1/2"]
[WhiteFideId "483540"]
[BlackFideId "2408953"]
[WhiteElo "1959"]
[BlackElo "1809"]
[EventDate "2024.03.02"]

1. d4 Nf6 2. Bf4 d5 3. Nc3 c5 4. e3 cxd4 5. exd4 a6 6. Nf3 Nc6 7. Bd3 Bg4 8. Ne2
Bxf3 9. gxf3 g6 10. Qd2 Qb6 11. c3 Bg7 12. Ng3 Nd7 13. O-O e5 14. dxe5 Ndxe5 15.
Be2 Rd8 16. Be3 d4 17. cxd4 Nxd4 18. Bxd4 Rxd4 19. Qe3 O-O 20. Rad1 Nc6 21. b3 Qd8
22. Rxd4 Nxd4 23. Rd1 Re8 24. Qd3 Qg5 25. Bf1 Nc6 26. Bg2 Rd8 27. Qe2 Rxd1+ 28. Qxd1
Qe7 29. Qd2 Nd4 30. Qe3 Qd8 31. f4 Nc2 32. Qe2 Nd4 33. Qe3 Nc2 34. Qe2 Nd4 35. Qd3
Qc7 36. f5 Qc1+ 37. Bf1 gxf5 38. Nxf5 Qf4 39. Nxd4 Bxd4 40. Qg3+ 1/2-1/2

[Event "2024 British Rapidplay Championship"]
[Site "Holiday Inn Peterborough - West"]
[Date "2024.03.03"]
[Round "11.31"]
[White "Gevorgyan, Albert"]
[Black "George, Matthew P"]
[Result "0-1"]
[WhiteFideId "13323946"]
[BlackFideId "407763"]
[WhiteElo "1899"]
[BlackElo "2003"]
[EventDate "2024.03.02"]

1. e4 c5 2. Nf3 d6 3. Bb5+ Bd7 4. Bxd7+ Qxd7 5. c4 Nc6 6. Nc3 g6 7. d4 cxd4 8. Nxd4
h5 9. Be3 Bh6 10. Bxh6 Nxh6 11. Nxc6 bxc6 12. Qd4 O-O 13. O-O Qb7 14. b3 Qb6 15.
Qd2 Kg7 16. Kh1 f5 17. Qg5 Rf7 18. Rae1 Qd4 19. exf5 Nxf5 20. Re6 Rf6 21. Ne2 Qd3
22. Rxf6 exf6 23. Qxg6+ Kxg6 24. Nf4+ Kf7 25. Nxd3 a5 26. Nf4 h4 27. g3 a4 28. b4
a3 29. Rd1 Ra4 30. g4 Ne7 31. Rb1 d5 32. cxd5 cxd5 33. b5 Rxf4 34. b6 Nc6 35. Rc1
Rc4 36. Rb1 Rc2 37. b7 h3 38. f4 d4 39. Kg1 Nb8 40. Rd1 Rxa2 41. Rxd4 Rg2+ 42. Kf1
a2 43. Ra4 Rxh2 44. Kg1 Rb2 0-1

[Event "2024 British Rapidplay Championship"]
[Site "Holiday Inn Peterborough - West"]
[Date "2024.03.03"]
[Round "11.32"]
[White "Walton, Alan J"]
[Black "Hng, Mei-En Emmanuelle"]
[Result "1-0"]
[WhiteFideId "409898"]
[BlackFideId "5804566"]
[WhiteElo "2063"]
[BlackElo "1974"]
[EventDate "2024.03.02"]

1. d4 Nf6 2. Bg5 c5 3. d5 Qb6 4. Nc3 d6 5. e4 Nbd7 6. Rb1 g6 7. Nf3 h6 8. Bf4 Bg7
9. h3 a6 10. Qd2 Qa5 11. a4 Qb4 12. Bd3 c4 13. Be2 Nc5 14. e5 Nh5 15. Bh2 dxe5 16.
Nxe5 O-O 17. Bxh5 gxh5 18. O-O Nxa4 19. Qe2 Nxc3 20. bxc3 Qxc3 21. Qxh5 b5 22. Nc6
Re8 23. Rbe1 Qxc2 24. d6 Bf5 25. Nxe7+ Rxe7 26. Rxe7 Rf8 27. Be5 Bg6 28. Qf3 Bxe5
29. Rxe5 Qd3 30. Qc6 c3 31. d7 Bf5 32. Rd5 Qc4 33. Qxc4 bxc4 34. d8=Q Rxd8 35. Rxd8+
1-0

[Event "2024 British Rapidplay Championship"]
[Site "Holiday Inn Peterborough - West"]
[Date "2024.03.03"]
[Round "11.33"]
[White "Jackson, Sheila"]
[Black "Kumar, Sanjit S"]
[Result "1/2-1/2"]
[WhiteFideId "402508"]
[BlackFideId "468142"]
[WhiteElo "1986"]
[BlackElo "1799"]
[EventDate "2024.03.02"]

1. e4 e6 2. d4 d5 3. Nd2 c5 4. exd5 Qxd5 5. Ngf3 cxd4 6. Bc4 Qd6 7. O-O Nf6 8. Nb3
Nc6 9. Nbxd4 Nxd4 10. Nxd4 Be7 11. c3 O-O 12. Qf3 Qc7 13. Bd3 Bd7 14. Bg5 Nd5 15.
Bxe7 Nxe7 16. Rad1 Rfd8 17. Rfe1 Nd5 18. g3 Nf6 19. Qe3 Rac8 20. Nf3 Be8 21. Ne5
Rd5 22. c4 Rd6 23. b3 Rcd8 24. Bc2 b6 25. Rxd6 Rxd6 26. Rd1 Nd7 27. Rxd6 Qxd6 28.
Nxd7 Bxd7 29. Qd3 Qxd3 30. Bxd3 Kf8 31. f4 Ke7 32. Kf2 g6 33. Ke3 Kd6 34. b4 Bc6
35. Kd4 f6 36. c5+ bxc5+ 37. bxc5+ Kc7 38. Bc4 Kd7 39. h4 1/2-1/2

[Event "2024 British Rapidplay Championship"]
[Site "Holiday Inn Peterborough - West"]
[Date "2024.03.03"]
[Round "11.34"]
[White "Lishoy Gengis Paratazham, Dildarav"]
[Black "McCusker, Andrew"]
[Result "1/2-1/2"]
[WhiteFideId "491462"]
[BlackFideId "2404281"]
[WhiteElo "1913"]
[BlackElo "1786"]
[EventDate "2024.03.02"]

1. e4 c6 2. d4 d5 3. exd5 cxd5 4. c4 Nf6 5. Nc3 Nc6 6. Bg5 e6 7. Nf3 Be7 8. Be2 O-O
9. O-O dxc4 10. Bxc4 Nb4 11. Re1 Re8 12. Qe2 Nbd5 13. Nxd5 Nxd5 14. Bxe7 Rxe7 15.
Qe5 Nb6 16. Bb3 Rc7 17. Rad1 Bd7 18. d5 exd5 19. Bxd5 Nxd5 20. Rxd5 Qc8 21. h3 Be6
22. Ra5 b6 23. Ra3 Rc5 24. Qd4 Qc7 25. Qe4 Rd8 26. Rd3 Rxd3 27. Qxd3 h6 28. a3 Rc1
29. Qd2 Rxe1+ 30. Qxe1 Qc2 31. Qd2 Qe4 32. Qd4 Qb1+ 33. Kh2 Qc2 34. Qd2 Qe4 35. Qd4
Qc2 36. Qd2 Qe4 37. Qd4 Qc2 38. Qd2 1/2-1/2

[Event "2024 British Rapidplay Championship"]
[Site "Holiday Inn Peterborough - West"]
[Date "2024.03.03"]
[Round "11.35"]
[White "Green, Michael"]
[Black "Burrows, Martin P"]
[Result "0-1"]
[WhiteFideId "437514"]
[BlackFideId "409057"]
[WhiteElo "1894"]
[BlackElo "2057"]
[EventDate "2024.03.02"]

1. c3 g6 2. Na3 Nf6 3. Nc2 b6 4. f3 d5 5. d3 Bg7 6. g3 O-O 7. Nh3 e5 8. Nf2 Bb7 9.
e4 Nbd7 10. Bg2 Qe7 11. Bd2 dxe4 12. fxe4 Rad8 13. Qe2 Nc5 14. O-O-O a5 15. g4 Ba6
16. Be3 Rd7 17. h4 Rfd8 18. Ne1 a4 19. h5 a3 20. b3 Ne6 21. hxg6 hxg6 22. Bh6 Bh8
23. Kb1 Qc5 24. Rc1 Nf4 25. Bxf4 exf4 26. Rxh8+ Kxh8 27. Qc2 Qe3 28. d4 c5 29. e5
cxd4 30. e6 Qxe6 31. c4 Bb7 32. Bxb7 Rxb7 33. Ned3 Qd6 34. g5 Nh5 35. Rh1 Re7 36.
Qd1 Kg7 37. Ng4 Ng3 38. Rh4 Rh8 39. Nh6 Ne2 40. Kc2 Qe6 41. Qf1 Ng3 42. Qxf4 Qe2+
43. Kc1 Qe3+ 44. Kc2 Qxf4 45. Rxf4 Nf5 46. Nxf5+ gxf5 47. Rxd4 Rh2+ 48. Kb1 Ree2
49. Nc1 Rb2+ 50. Ka1 Rh1 0-1

[Event "2024 British Rapidplay Championship"]
[Site "Holiday Inn Peterborough - West"]
[Date "2024.03.03"]
[Round "11.36"]
[White "Ortiz Sanchez, Luis"]
[Black "Mikalajunas, Kajus"]
[Result "0-1"]
[WhiteFideId "24581160"]
[BlackFideId "483621"]
[WhiteElo "1909"]
[BlackElo "2042"]
[EventDate "2024.03.02"]

1. e4 c6 2. Nf3 d5 3. Nc3 dxe4 4. Nxe4 Nf6 5. Qe2 Nxe4 6. Qxe4 Nd7 7. Bc4 Nf6 8.
Ne5 e6 9. Qe2 Bd6 10. d4 O-O 11. c3 Qc7 12. Bb3 b5 13. Bc2 Bb7 14. Ng4 Nxg4 15. Qxg4
c5 16. Be3 cxd4 17. Bxd4 f5 18. Qg5 e5 19. Be3 f4 20. Bd2 Rad8 21. O-O-O a5 22. f3
a4 23. a3 Qf7 24. Kb1 Bd5 25. Qh4 g6 26. Rhe1 Bb3 27. Bc1 Bxc2+ 28. Kxc2 Be7 29.
Qh3 Qb3+ 30. Kb1 Rxd1 31. Rxd1 Qxd1 32. Qe6+ Rf7 33. Qxe5 Qd3+ 34. Ka1 Qf1 35. Kb1
Qxg2 36. Bxf4 Qf1+ 37. Bc1 Qxf3 38. Qb8+ Rf8 39. Qc7 Qe4+ 40. Ka1 Rf1 41. Qb8+ Bf8
0-1

[Event "2024 British Rapidplay Championship"]
[Site "Holiday Inn Peterborough - West"]
[Date "2024.03.03"]
[Round "11.37"]
[White "Pink, Joshua"]
[Black "Jermy, Jaden"]
[Result "1/2-1/2"]
[WhiteFideId "424790"]
[BlackFideId "459496"]
[WhiteElo "1891"]
[BlackElo "1978"]
[EventDate "2024.03.02"]

1. Nc3 d5 2. e4 dxe4 3. Nxe4 Nf6 4. Nxf6+ exf6 5. Bc4 Be7 6. d3 Nc6 7. Be3 O-O 8.
Qd2 Ne5 9. Bb3 a5 10. a3 Be6 11. Bxe6 fxe6 12. Ne2 Nc6 13. O-O e5 14. d4 e4 15. Nf4
Qd7 16. c4 g5 17. Nd5 Bd6 18. f4 gxf4 19. Bxf4 f5 20. Bh6 Rf7 21. Qg5+ Kh8 22. Nf6
Be7 23. Nxd7 Bxg5 24. Bxg5 Rxd7 25. d5 Ne7 26. Bxe7 Rxe7 27. Rxf5 e3 28. Kf1 Rae8
29. Ke2 Re4 30. b3 a4 31. Rb1 axb3 32. Rxb3 Rxc4 33. Rxe3 Rxe3+ 34. Kxe3 Kg7 35.
Rf3 Ra4 36. Kf2 Rd4 37. Rc3 Rd2+ 38. Ke3 Rxg2 39. Rxc7+ Kf6 40. Rxh7 Ke5 41. Rh5+
Kd6 42. h4 Ra2 43. Kd4 Rd2+ 44. Kc4 Rc2+ 45. Kb3 Rh2 46. a4 Kc5 47. Kc3 Rh3+ 48.
Kd2 b6 49. Rh8 Kxd5 50. h5 Ke6 51. h6 Kf7 52. Kc2 Kg6 53. Rb8 Rh2+ 54. Kb3 Rh3+ 55.
Kb4 Rh4+ 56. Kb5 Rh5+ 57. Kxb6 Rxh6 58. Rb7 Kf6 59. a5 Ke5+ 60. Kc7 Kd5 61. Rb5+
Kc4 62. Rb6 Rh7+ 63. Kb8 Kc5 64. Rb7 Rh8+ 65. Ka7 Kc6 66. a6 Rd8 67. Rg7 Re8 68.
Rb7 Rd8 69. Rb8 Rd7+ 70. Ka8 Re7 71. a7 Re1 72. Rc8+ Kd7 73. Rb8 Kc6 74. Rd8 Kc7
75. Rg8 Re7 76. Rc8+ Kxc8 1/2-1/2

[Event "2024 British Rapidplay Championship"]
[Site "Holiday Inn Peterborough - West"]
[Date "2024.03.03"]
[Round "11.38"]
[White "Killeen, Robert T"]
[Black "Manley, Jon P"]
[Result "0-1"]
[WhiteFideId "343444466"]
[BlackFideId "403296"]
[WhiteElo "1945"]
[BlackElo "2160"]
[EventDate "2024.03.02"]

1. e4 e5 2. Nc3 Nf6 3. f4 d5 4. fxe5 Nxe4 5. d3 Nxc3 6. bxc3 d4 7. Nf3 Nc6 8. Be2
Bc5 9. O-O dxc3+ 10. Kh1 O-O 11. Qe1 Nd4 12. Bd1 Nxf3 13. Bxf3 Bd4 14. Qg3 Qe7 15.
Bf4 Kh8 16. Rfe1 Bf5 17. Bg5 Qe6 18. Qf4 c5 19. Bd5 Qxd5 20. Qxf5 Rae8 21. Bf4 f6
22. Qh5 fxe5 23. Bg3 Qf7 24. Qxf7 Rxf7 25. Re4 Ref8 26. h3 Rf5 27. Rb1 b6 28. a4
h6 29. Kh2 Kh7 30. Rbe1 Re8 31. Rb1 Re6 32. Rbe1 a6 33. h4 b5 34. axb5 axb5 35. Ra1
b4 36. Ra7 Rf1 37. Rg4 Rg6 38. Rxg6 Kxg6 39. Re7 Rc1 40. h5+ Kxh5 41. Rxg7 e4 42.
Rf7 Kg6 43. Re7 exd3 44. cxd3 b3 0-1

[Event "2024 British Rapidplay Championship"]
[Site "Holiday Inn Peterborough - West"]
[Date "2024.03.03"]
[Round "11.39"]
[White "White, Stuart A"]
[Black "Baer, Bruce L"]
[Result "1-0"]
[WhiteFideId "407747"]
[BlackFideId "488801"]
[WhiteElo "2147"]
[BlackElo "1918"]
[EventDate "2024.03.02"]

1. d4 g6 2. c4 d6 3. Nf3 Bg7 4. Nc3 e5 5. Bg5 f6 6. Be3 Ne7 7. dxe5 fxe5 8. g3 Nbc6
9. Bg2 Be6 10. Nd5 h6 11. O-O Nf5 12. Bc1 O-O 13. Ne1 a5 14. Nc2 Qd7 15. b3 Rae8
16. Bb2 h5 17. a3 h4 18. b4 a4 19. Rc1 Bh6 20. e3 hxg3 21. hxg3 Nd8 22. Qe2 Qf7 23.
Rcd1 Bg7 24. e4 Nh6 25. c5 c6 26. Nde3 dxc5 27. bxc5 Bb3 28. Rc1 Ne6 29. Bh3 Nd4
30. Nxd4 exd4 31. Nd1 Qf3 32. Qxf3 Rxf3 33. Bg2 Rd3 34. f3 Rd2 35. Ba1 Nf7 36. Nb2
Ne5 37. Rf2 Rxf2 38. Kxf2 d3 39. Rh1 Bf8 40. f4 Bxc5+ 41. Ke1 Bxa3 42. fxe5 Bb4+
43. Kf2 Bc2 44. Nd1 Rf8+ 45. Ke3 a3 46. e6 Bc5+ 47. Kd2 Bb4+ 48. Ke3 Bc5+ 49. Kd2
Bb4+ 50. Kc1 1-0

[Event "2024 British Rapidplay Championship"]
[Site "Holiday Inn Peterborough - West"]
[Date "2024.03.03"]
[Round "11.41"]
[White "Southcott-Moyers, Indy"]
[Black "Keohane, Benedict A"]
[Result "1-0"]
[WhiteFideId "488542"]
[BlackFideId "433950"]
[WhiteElo "1993"]
[BlackElo "1855"]
[EventDate "2024.03.02"]

1. d4 c5 2. d5 Nf6 3. Nc3 g6 4. e4 d6 5. Bb5+ Bd7 6. a4 a6 7. Be2 Bg7 8. h3 O-O 9.
Nf3 Be8 10. O-O Nfd7 11. Re1 Ne5 12. Nd2 g5 13. Nf1 h6 14. Ng3 e6 15. Rf1 Ng6 16.
Bg4 Qe7 17. Nce2 Nd7 18. c3 Nde5 19. Bh5 exd5 20. Nf5 Qf6 21. Nxg7 Qxg7 22. exd5
f6 23. f4 Nf7 24. Bg4 Nd8 25. Ng3 Nh4 26. f5 h5 27. Bxh5 Nf7 28. Ne4 Nh6 29. Bg4
Qe7 30. Re1 Qd7 31. Nxf6+ Rxf6 32. Bxg5 Nxg4 33. Qxg4 Qxf5 34. Bxf6+ Qxg4 35. hxg4
Ng6 36. Re6 Bd7 37. Rxd6 Bxg4 38. Rd8+ Rxd8 39. Bxd8 Nf4 40. d6 c4 41. Re1 Nd3 42.
Re7 Nc5 43. Bb6 Nxa4 44. Bd4 1-0